000 00303 a2200145 4500
001 147380
040 _cEscola São Tomás de Aquino
100 _aWEBER, Adri
240 1 0 _aMarina
_lpor
245 1 0 _aMarina
362 0 _a2003
440 1 _aBorboletas
697 _a*LITERATURA INFANTO
942 _cBK
999 _c147380
_d147380